000 02505nam a22003251i 4500
005 20210315122727.0
008 210315s2020 cc |||g| ||| 000 f chi d
020 _a9787550037199
_cRM 38.50
_qpaperback
040 _aPPAK
_beng
_cPPAK
_erda
082 0 4 _223
_a895.136
090 0 0 _a895.136
_bSUH
_dG
100 1 _6880-01
_aSu, Hua Xuan
_eauthor.
245 1 0 _6880-02
_aTian an xia lai,Ni jiu shi guang.
_nXia =
_bNight Falls,............ You Shine /
_cSu Hua Xian zhu.
264 1 _aBeijing, China :
_bBaihuazhou Literature and Art Press ,
_c2020
300 _a274 pages ;
_c21 cm.
336 _2rdacontent
_atext
337 _2rdamedia
_aunmediated
338 _2rdacarrier
_avolume
490 1 _6880-03
_aBai ma shi guang.
520 _aJi Ning turn around. He looked into her eyes: The assumptions of many stories are not true, because even if you repeat it 10,000 times, I will still choose you. It was not that destiny happened to choose you for me, but that I would have come to you. The rising stage artist Ji Ning participated in a variety show called "The Diary of First Kiss", but unexpectedly formed a couple partner with his young idol Ji Shiyan. She pretended to be unfamiliar with him, took pictures in the corner, and could never interact without interacting, but all of this was seen by Ji Shiyan. The heartbeat pays attention to the moment. Generally, the moments that cannot be recorded in time are difficult to reproduce. But it was strange that he remembered everything that happened between them from beginning to end. She is like a star, the darker the sky, the brighter she can be seen. Her kindness, perseverance and hard work not only dismantled people's prejudice against her a little bit, but also seemed to pry open his heart. It seems that someone is confessing in the movie, and there is a natural ambiguity and perversion in the draughts. The light of the screen fell on his cheeks half-clearly. He raised his eyes and asked softly: Do you want to be my girlfriend? Do you want to be my girlfriend? Probably those moments of heartbeat, as soon as I see her, they will repeat themselves.
546 _aText in simplified Chinese.
650 1 0 _aChinese fiction.
650 1 0 _aRomance fiction, Chinese.
830 0 _6880-04
_aBai ma shi guang.
880 1 _6100-01
_a苏画弦
880 1 0 _6245-02
_a天暗下来,你就是光.
_n下 =
_bNight Falls,............ You Shine
880 1 _6490-03
_a白马时光
880 0 _6830-04
_a白马时光
942 _2ddc
_cB
999 _c182656
_d182656